000 00263nam a22001217a 4500
082 _a821
_bTAG/G
100 _aRABINTHRANATH TAGORE
245 _aGITANJALI
260 _aNEW DELHI
_bMACMILLAN
300 _a87
650 _aA COLLECTION OF PROSE
_zDELHI
942 _cBK
999 _c4021
_d4021